Jeux de société A-Z par image - Statistiques

Statistiques générales
  • Ce quiz a été pris 793 fois
  • Le résultat moyen est 14 sur 26
Statistiques - réponses
Par images Hint Réponse % Correct
D Dominos
98%
E Échecs
94%
M Monopoly
94%
U Uno
94%
Q Qui est-ce ?
92%
P Puissance 4
91%
S Scrabble
91%
L Labyrinthe
77%
C Croque Carotte
69%
J Jungle Speed
69%
Y Yams
66%
T Triominos
63%
N Ni oui ni non
56%
R Risk
55%
H Hippos gloutons
54%
B Blokus
38%
A Abalone
35%
I Les incollables
35%
W Wazabi
22%
O Othello
21%
G Galerapagos
19%
V Villainous
12%
Z Zombicide
9%
K King of Tokyo
5%
F For Sale
2%
X X-Plus
1%
Aucun quiz correspondant
Distribution des résultats
% des personnes avec chaque résultat
Percentile par nombre de réponses
Votre historique - résultats
Vous n’avez pas pris ce quiz